00551nam a2200181 a 45000010010000000030011000100080041000210350026000620820014000881000030001022450031001322600050001636500019002139420012002329520090002449980020003349990015003540000-8841ELIB.Books110520 1990  a(ELIB.Books)0000-8987 a270 bSch aSchattschneider, allen W. aThrough five hundred years bU.S. A: The Moravian Church in America c1990 aChurch History 2ddccBK 00102ddc4070aKBTSbKBTSd2011-05-20l0p1681r2022-01-22 00:00:00w2022-01-22yBK cbate2011-05-20 c8841d8841